Ảnh hưởng của các hồ chứa nước đến sinh kế của các hộ dân vùng cao huyện Tịnh Biên tỉnh An Giang : Luận văn Thạc sĩ Khoa học. Chuyên ngành Phát triển nông thôn

Đánh giá tác động của 3 hồ chứa nước Thủy Liêm 1, Thanh Long, Ô Tưksa đến sinh kế cộng đồng dân cư nhằm tư vấn chính sách quản lý, khai thác sử dụng bền vững nguồn tài nguyên nước ở vùng Bảy Núi tỉnh An Giang....

Popoln opis

Shranjeno v:
Bibliografske podrobnosti
Glavni avtor: Thạch, Trí Giác
Format: Knjiga
Jezik:Undetermined
Izdano: Cần Thơ Trường Đại học Cần Thơ 2017
Teme:
Oznake: Označite
Brez oznak, prvi označite!
Thư viện lưu trữ: Trung tâm Học liệu Trường Đại học Cần Thơ
LEADER 01198nam a2200205Ia 4500
001 CTU_224299
008 210402s9999 xx 000 0 und d
082 |a 338.1 
082 |b Gi101 
100 |a Thạch, Trí Giác 
245 0 |a Ảnh hưởng của các hồ chứa nước đến sinh kế của các hộ dân vùng cao huyện Tịnh Biên tỉnh An Giang : 
245 0 |b Luận văn Thạc sĩ Khoa học. Chuyên ngành Phát triển nông thôn 
245 0 |c Thạch Trí Giác ; Nguyễn Văn Kiền (Cán bộ hướng dẫn) 
260 |a Cần Thơ 
260 |b Trường Đại học Cần Thơ 
260 |c 2017 
520 |a Đánh giá tác động của 3 hồ chứa nước Thủy Liêm 1, Thanh Long, Ô Tưksa đến sinh kế cộng đồng dân cư nhằm tư vấn chính sách quản lý, khai thác sử dụng bền vững nguồn tài nguyên nước ở vùng Bảy Núi tỉnh An Giang. 
650 |a Nông nghiệp,Agriculture 
650 |x Khía cạnh kinh tế,Economic aspects 
980 |a Trung tâm Học liệu Trường Đại học Cần Thơ